The Black Eyed Peas Discography - Statistics

General Stats
  • This quiz has been taken 18 times
  • The average score is 5 of 9
Answer Stats
Year Name Type % Correct
2009 The E.N.D. Album
100%
2003 Elephunk Album
88%
2010 The Beginning Album
81%
2005 Monkey Business Album
75%
2000 Bridging the Gap Album
69%
1998 Behind the Front Album
63%
2006 Renegotiations: The Remixes EP
31%
2005 iTunes Originals - The Black Eyed Peas Compilation
19%
2010 The E.N.D. Summer 2010 Canadian Invasion Tour: Remix Collection Compilation
19%
No matching quizzes found
Score Distribution
Percent of People with Each Score
Percentile by Number Answered
Your Score History
You have not taken this quiz